000 01133nac a22003617a 4500
001 BR0100813
003 BR-BrBNA
005 20240105122521.0
008 230509b bl.|||m| |||| 00| 0 por d
040 _aBR-BrBNA
_bpor
_cBiblioteca Nacional de Agricultura
072 _aF01
090 _a0430 BR0100813
100 1 _aFreire, E.C.
100 1 _aMedeiros, J. da c.
100 1 _aSilva, C.A.D. da
100 1 _aAzevedo, D.M.P. de
100 1 _aAndrade, F.P. de
100 1 _aVieira, D.J.
110 1 _aCentro Nacional de Pesquisa de Algodao, Campina Grande, PB (Brasil)
_91753
245 1 _aCultura dos algodoeiros Moco precoce e algodao 7MH
260 3 _aCampina Grande, PB (Brasil):
_c1999.
300 _a63 p.
490 _aCircular Tecnica - Centro Nacional de Pesquisa de Algodao (Brazil)
_vno. 28
_xISSN 0100-6460
500 _a40 ref.; 7 tables; 17 illus.
650 _aAlgodao Moco
650 _aVariedade
650 _aPratica Cultural
650 _aAdubacao
650 _aErva Daninha
650 _aCusto de Producao
909 _a202312
_bLúcia Elande
_c55
_dLúcia Elande
942 _2AGRIS
_n0
_cMS
999 _c291440
_d291440